[Event "DEM U10 2024"]
[Site "Willingen GER"]
[Date "2024.05.24"]
[Round "10"]
[White "Katzenstein, Alexander"]
[Black "Löffelholz, Jonas"]
[Result "1-0"]
[Termination "normal"]
[Board "22"]
[WhiteElo "1275"]
[BlackElo "1126"]
[WhiteClock "00:35:36"]
[BlackClock "00:57:58"]
[PlyCount "63"]
[WhiteFideId "34696822"]
[BlackFideId "34616101"]
[EventCountry "GER"]
[EventRounds "11"]
[EventType "swiss"]
[EventDate "2024.05.18"]

1. c4 {[%clk 01:15:57]} {[%emt 00:00:03]} Nf6 {[%clk 01:15:49]} {[%emt
00:00:12]} 2. Nc3 {[%clk 01:16:06]} {[%emt 00:00:21]} e6 {[%clk 01:16:10]}
{[%emt 00:00:08]} 3. e4 {[%clk 01:15:55]} {[%emt 00:00:41]} Bb4 {[%clk
01:16:32]} {[%emt 00:00:09]} 4. e5 {[%clk 01:15:51]} {[%emt 00:00:34]} Bxc3
{[%clk 01:16:44]} {[%emt 00:00:18]} 5. dxc3 {[%clk 01:14:50]} {[%emt 00:01:30]}
Ne4 {[%clk 01:16:50]} {[%emt 00:00:24]} 6. Bd3 {[%clk 01:14:45]} {[%emt
00:00:35]} Nc5 {[%clk 01:17:02]} {[%emt 00:00:19]} 7. Be3 {[%clk 01:13:32]}
{[%emt 00:01:43]} Nxd3+ {[%clk 01:17:24]} {[%emt 00:00:09]} 8. Qxd3 {[%clk
01:13:51]} {[%emt 00:00:10]} Nc6 {[%clk 01:17:30]} {[%emt 00:00:24]} 9. Nf3
{[%clk 01:13:14]} {[%emt 00:01:07]} d6 {[%clk 01:14:49]} {[%emt 00:03:11]} 10.
Rd1 {[%clk 01:08:38]} {[%emt 00:05:05]} O-O {[%clk 01:13:42]} {[%emt 00:01:38]}
11. exd6 {[%clk 01:08:22]} {[%emt 00:00:46]} e5 {[%clk 01:13:13]} {[%emt
00:01:00]} 12. d7 {[%clk 01:05:03]} {[%emt 00:03:48]} e4 {[%clk 01:12:55]}
{[%emt 00:00:48]} 13. Qxe4 {[%clk 01:03:47]} {[%emt 00:01:46]} Bxd7 {[%clk
01:13:01]} {[%emt 00:00:24]} 14. O-O {[%clk 01:02:42]} {[%emt 00:01:33]} Re8
{[%clk 01:12:56]} {[%emt 00:00:37]} 15. Qf4 {[%clk 00:59:32]} {[%emt 00:03:39]}
Qc8 {[%clk 01:12:07]} {[%emt 00:01:21]} 16. Qg3 {[%clk 00:54:56]} {[%emt
00:05:04]} Bg4 {[%clk 01:10:19]} {[%emt 00:02:20]} 17. h3 {[%clk 00:54:03]}
{[%emt 00:01:22]} Bf5 {[%clk 01:09:31]} {[%emt 00:01:16]} 18. Nd4 {[%clk
00:52:54]} {[%emt 00:01:41]} Ne5 {[%clk 01:08:55]} {[%emt 00:01:07]} 19. Nxf5
{[%clk 00:51:49]} {[%emt 00:01:34]} Qxf5 {[%clk 01:09:13]} {[%emt 00:00:11]}
20. Bd4 {[%clk 00:50:50]} {[%emt 00:01:30]} f6 {[%clk 01:07:52]} {[%emt
00:01:52]} 21. Rfe1 {[%clk 00:48:36]} {[%emt 00:02:40]} Nxc4 {[%clk 01:07:11]}
{[%emt 00:01:15]} 22. Qxc7 {[%clk 00:44:09]} {[%emt 00:04:56]} Nxb2 {[%clk
01:06:53]} {[%emt 00:00:48]} 23. Rxe8+ {[%clk 00:41:28]} {[%emt 00:03:11]} Rxe8
{[%clk 01:07:13]} {[%emt 00:00:10]} 24. Rd2 {[%clk 00:40:36]} {[%emt 00:01:22]}
Qb5 {[%clk 01:04:44]} {[%emt 00:02:58]} 25. Bxa7 {[%clk 00:39:11]} {[%emt
00:01:56]} Nd3 {[%clk 01:04:00]} {[%emt 00:01:11]} 26. Bb6 {[%clk 00:37:50]}
{[%emt 00:01:54]} Ne1 {[%clk 00:59:53]} {[%emt 00:04:37]} 27. Rd8 {[%clk
00:36:39]} {[%emt 00:01:42]} Rxd8 {[%clk 00:57:12]} {[%emt 00:03:11]} 28. Qxd8+
{[%clk 00:36:54]} {[%emt 00:00:15]} Kf7 {[%clk 00:57:40]} {[%emt 00:00:02]} 29.
Qc7+ {[%clk 00:36:25]} {[%emt 00:00:57]} Kg6 {[%clk 00:57:58]} {[%emt
00:00:13]} 30. Qxb7 {[%clk 00:35:43]} {[%emt 00:01:12]} Qb1 {[%clk 00:58:06]}
{[%emt 00:00:14]} 31. Kh2 {[%clk 00:35:30]} {[%emt 00:00:50]} Qxa2 {[%clk
00:57:58]} {[%emt 00:00:39]} 32. Qe4+ {[%clk 00:35:36]} {[%emt 00:00:24]} 1-0

[Event "DEM U10 2024"]
[Site "Willingen GER"]
[Date "2024.05.24"]
[Round "10"]
[White "König, Marius"]
[Black "Rössling, Johannes"]
[Result "1/2-1/2"]
[Termination "normal"]
[Board "24"]
[WhiteElo "1356"]
[BlackElo "1579"]
[WhiteClock "00:37:19"]
[BlackClock "00:31:48"]
[PlyCount "98"]
[WhiteFideId "533001812"]
[BlackFideId "34642773"]
[EventCountry "GER"]
[EventRounds "11"]
[EventType "swiss"]
[EventDate "2024.05.18"]

1. e4 {[%clk 01:15:57]} {[%emt 00:00:03]} e5 {[%clk 01:14:58]} {[%emt
00:01:03]} 2. Nf3 {[%clk 01:16:21]} {[%emt 00:00:05]} Nc6 {[%clk 01:15:23]}
{[%emt 00:00:06]} 3. Bb5 {[%clk 01:16:38]} {[%emt 00:00:12]} a6 {[%clk
01:15:00]} {[%emt 00:00:53]} 4. Ba4 {[%clk 01:17:04]} {[%emt 00:00:06]} Nf6
{[%clk 01:14:37]} {[%emt 00:00:51]} 5. O-O {[%clk 01:17:26]} {[%emt 00:00:08]}
Nxe4 {[%clk 01:14:27]} {[%emt 00:00:40]} 6. Re1 {[%clk 01:17:51]} {[%emt
00:00:05]} Nd6 {[%clk 01:14:45]} {[%emt 00:00:12]} 7. Bxc6 {[%clk 01:17:39]}
{[%emt 00:00:41]} dxc6 {[%clk 01:14:58]} {[%emt 00:00:18]} 8. Nxe5 {[%clk
01:18:03]} {[%emt 00:00:07]} Be7 {[%clk 01:15:00]} {[%emt 00:00:27]} 9. Nf3
{[%clk 01:17:04]} {[%emt 00:01:29]} O-O {[%clk 01:14:48]} {[%emt 00:00:42]} 10.
d3 {[%clk 01:16:38]} {[%emt 00:00:57]} Bg4 {[%clk 01:14:15]} {[%emt 00:01:02]}
11. Nbd2 {[%clk 01:17:01]} {[%emt 00:00:07]} Nb5 {[%clk 01:10:54]} {[%emt
00:03:51]} 12. a4 {[%clk 01:15:16]} {[%emt 00:02:15]} Nd4 {[%clk 01:11:13]}
{[%emt 00:00:12]} 13. h3 {[%clk 01:13:20]} {[%emt 00:02:25]} Bh5 {[%clk
01:11:23]} {[%emt 00:00:20]} 14. c3 {[%clk 01:11:04]} {[%emt 00:02:46]} Ne6
{[%clk 01:06:56]} {[%emt 00:04:57]} 15. d4 {[%clk 01:06:52]} {[%emt 00:04:42]}
Nf4 {[%clk 01:03:25]} {[%emt 00:04:01]} 16. Ne4 {[%emt 00:12:09]} Bd6 {[%clk
00:57:22]} {[%emt 00:00:59]} 17. Nxd6 {[%clk 00:56:12]} {[%emt 00:05:06]} Qxd6
{[%clk 00:57:33]} {[%emt 00:00:19]} 18. Qd2 {[%clk 00:45:06]} {[%emt 00:11:36]}
Nxh3+ {[%clk 00:56:25]} {[%emt 00:01:38]} 19. gxh3 {[%clk 00:44:54]} {[%emt
00:00:41]} Bxf3 {[%clk 00:56:44]} {[%emt 00:00:11]} 20. Qf4 {[%clk 00:43:56]}
{[%emt 00:01:28]} Qg6+ {[%clk 00:56:34]} {[%emt 00:00:39]} 21. Qg3 {[%clk
00:42:57]} {[%emt 00:01:31]} Rae8 {[%clk 00:54:59]} {[%emt 00:02:05]} 22. Bf4
{[%clk 00:42:01]} {[%emt 00:01:25]} Qxg3+ {[%clk 00:38:55]} {[%emt 00:16:34]}
23. Bxg3 {[%clk 00:42:06]} {[%emt 00:00:25]} Re2 {[%clk 00:38:32]} {[%emt
00:00:53]} 24. Rxe2 {[%clk 00:42:13]} {[%emt 00:00:23]} Bxe2 {[%clk 00:38:56]}
{[%emt 00:00:06]} 25. Bxc7 {[%clk 00:42:05]} {[%emt 00:00:38]} Bc4 {[%clk
00:37:48]} {[%emt 00:01:38]} 26. Re1 {[%clk 00:41:42]} {[%emt 00:00:53]} Bb3
{[%clk 00:37:55]} {[%emt 00:00:24]} 27. a5 {[%clk 00:41:38]} {[%emt 00:00:34]}
Be6 {[%clk 00:36:50]} {[%emt 00:01:35]} 28. h4 {[%clk 00:40:39]} {[%emt
00:01:28]} Rc8 {[%clk 00:36:05]} {[%emt 00:01:14]} 29. Bg3 {[%clk 00:40:46]}
{[%emt 00:00:23]} c5 {[%clk 00:35:56]} {[%emt 00:00:41]} 30. Rd1 {[%clk
00:40:37]} {[%emt 00:00:39]} Rd8 {[%clk 00:34:01]} {[%emt 00:02:24]} 31. Rd2
{[%clk 00:40:08]} {[%emt 00:00:59]} cxd4 {[%clk 00:33:10]} {[%emt 00:01:21]}
32. Rxd4 {[%clk 00:40:27]} {[%emt 00:00:11]} Rxd4 {[%clk 00:33:09]} {[%emt
00:00:31]} 33. cxd4 {[%clk 00:40:51]} {[%emt 00:00:06]} f5 {[%clk 00:33:31]}
{[%emt 00:00:09]} 34. Kf1 {[%clk 00:41:05]} {[%emt 00:00:15]} Kf7 {[%clk
00:32:43]} {[%emt 00:01:18]} 35. Ke2 {[%clk 00:41:11]} {[%emt 00:00:24]} Kg6
{[%clk 00:31:45]} {[%emt 00:01:29]} 36. Ke3 {[%clk 00:40:31]} {[%emt 00:01:09]}
Kh5 {[%clk 00:31:27]} {[%emt 00:00:48]} 37. Kf4 {[%clk 00:40:29]} {[%emt
00:00:32]} g6 {[%clk 00:31:13]} {[%emt 00:00:44]} 38. Ke5 {[%clk 00:40:38]}
{[%emt 00:00:21]} Bc8 {[%clk 00:30:04]} {[%emt 00:01:35]} 39. d5 {[%clk
00:40:54]} {[%emt 00:00:18]} g5 {[%emt 00:00:28]} 40. hxg5 {[%clk 00:39:09]}
{[%emt 00:02:13]} Kxg5 {[%clk 00:30:30]} {[%emt 00:00:08]} 41. Kd6 {[%clk
00:37:54]} {[%emt 00:01:46]} f4 {[%clk 00:30:41]} {[%emt 00:00:18]} 42. Bh2
{[%clk 00:37:14]} {[%emt 00:01:10]} Kg4 {[%clk 00:30:04]} {[%emt 00:01:08]} 43.
Kc7 {[%clk 00:36:58]} {[%emt 00:00:46]} Bf5 {[%clk 00:30:18]} {[%emt 00:00:15]}
44. d6 {[%clk 00:37:06]} {[%emt 00:00:22]} h5 {[%clk 00:30:20]} {[%emt
00:00:28]} 45. d7 {[%clk 00:37:23]} {[%emt 00:00:13]} Bxd7 {[%clk 00:30:44]}
{[%emt 00:00:07]} 46. Kxd7 {[%clk 00:37:46]} {[%emt 00:00:06]} f3 {[%clk
00:31:06]} {[%emt 00:00:09]} 47. Kc7 {[%clk 00:37:10]} {[%emt 00:01:05]} Kh3
{[%clk 00:31:25]} {[%emt 00:00:12]} 48. Bd6 {[%clk 00:37:08]} {[%emt 00:00:31]}
Kg2 {[%clk 00:31:48]} {[%emt 00:00:07]} 49. Bg3 {[%clk 00:37:19]} {[%emt
00:00:18]} Kh3 {[%emt 00:03:01]} 1/2-1/2

[Event "DEM U10 2024"]
[Site "Willingen GER"]
[Date "2024.05.24"]
[Round "10"]
[White "Seegebrecht, Johann"]
[Black "Egert, Niilo"]
[Result "0-1"]
[Termination "normal"]
[Board "25"]
[WhiteElo "1421"]
[BlackElo "1105"]
[WhiteClock "00:00:34"]
[BlackClock "01:06:40"]
[PlyCount "70"]
[WhiteFideId "34655115"]
[BlackFideId "533001774"]
[EventCountry "GER"]
[EventRounds "11"]
[EventType "swiss"]
[EventDate "2024.05.18"]

1. e4 {[%clk 01:15:59]} e5 {[%clk 01:15:42]} {[%emt 00:00:18]} 2. Nf3 {[%clk
01:16:13]} {[%emt 00:00:16]} f5 {[%clk 01:15:03]} {[%emt 00:01:10]} 3. Nc3
{[%clk 01:16:22]} {[%emt 00:00:21]} Nc6 {[%clk 01:14:44]} {[%emt 00:00:48]} 4.
exf5 {[%clk 01:16:25]} {[%emt 00:00:27]} Nf6 {[%clk 01:14:49]} {[%emt
00:00:26]} 5. Bc4 {[%clk 01:16:10]} {[%emt 00:00:45]} e4 {[%clk 01:14:34]}
{[%emt 00:00:44]} 6. Ng5 {[%clk 01:16:28]} {[%emt 00:00:12]} d5 {[%clk
01:14:27]} {[%emt 00:00:39]} 7. Bb3 {[%clk 01:11:54]} {[%emt 00:05:03]} h6
{[%clk 01:13:59]} {[%emt 00:00:57]} 8. Ne6 {[%clk 01:11:26]} {[%emt 00:00:58]}
Bxe6 {[%clk 01:14:01]} {[%emt 00:00:27]} 9. fxe6 {[%clk 01:10:51]} {[%emt
00:01:05]} Nd4 {[%clk 01:13:58]} {[%emt 00:00:34]} 10. Ba4+ {[%clk 01:09:00]}
{[%emt 00:02:21]} c6 {[%clk 01:14:10]} {[%emt 00:00:19]} 11. O-O {[%clk
01:06:29]} {[%emt 00:03:00]} Nxe6 {[%clk 01:14:20]} {[%emt 00:00:20]} 12. d3
{[%clk 01:05:40]} {[%emt 00:01:19]} exd3 {[%clk 01:13:12]} {[%emt 00:01:38]}
13. cxd3 {[%clk 01:05:58]} {[%emt 00:00:12]} Bc5 {[%clk 01:13:23]} {[%emt
00:00:20]} 14. Re1 {[%clk 01:06:01]} {[%emt 00:00:25]} Qd7 {[%clk 01:13:08]}
{[%emt 00:00:46]} 15. Qe2 {[%clk 01:05:13]} {[%emt 00:01:15]} Kf7 {[%clk
01:12:15]} {[%emt 00:01:27]} 16. Be3 {[%emt 00:07:57]} d4 {[%emt 00:00:36]} 17.
Bd2 {[%clk 00:34:55]} {[%emt 00:22:15]} dxc3 {[%clk 01:12:07]} {[%emt
00:00:37]} 18. Bxc3 {[%clk 00:34:33]} {[%emt 00:00:52]} Nf4 {[%clk 01:10:22]}
{[%emt 00:02:15]} 19. Bb3+ {[%clk 00:34:29]} {[%emt 00:00:34]} N4d5 {[%clk
01:09:37]} {[%emt 00:01:16]} 20. Bxf6 {[%clk 00:29:27]} {[%emt 00:05:30]} gxf6
{[%clk 01:09:45]} {[%emt 00:00:23]} 21. Qh5+ {[%clk 00:27:07]} {[%emt
00:02:50]} Kg7 {[%clk 01:09:33]} {[%emt 00:00:42]} 22. Bxd5 {[%clk 00:25:27]}
{[%emt 00:02:10]} Qxd5 {[%clk 01:09:33]} {[%emt 00:00:30]} 23. Qg4+ {[%clk
00:24:29]} {[%emt 00:01:28]} Kh7 {[%clk 01:09:10]} {[%emt 00:00:53]} 24. Rad1
{[%clk 00:19:04]} {[%emt 00:05:56]} Rhg8 {[%clk 01:08:42]} {[%emt 00:00:57]}
25. Qe4+ {[%clk 00:10:20]} {[%emt 00:09:13]} Qxe4 {[%clk 01:08:56]} {[%emt
00:00:17]} 26. Rxe4 {[%clk 00:10:43]} {[%emt 00:00:07]} Rg7 {[%clk 01:08:34]}
{[%emt 00:00:52]} 27. Rc1 {[%clk 00:04:58]} {[%emt 00:06:15]} Bb6 {[%clk
01:07:37]} {[%emt 00:01:26]} 28. Rce1 {[%clk 00:01:38]} {[%emt 00:03:50]} Bc5
{[%clk 01:06:38]} {[%emt 00:01:30]} 29. Re8 {[%clk 00:01:01]} {[%emt 00:01:07]}
Rxe8 {[%clk 01:06:33]} {[%emt 00:00:35]} 30. Rxe8 {[%clk 00:01:21]} {[%emt
00:00:10]} Rd7 {[%clk 01:06:40]} {[%emt 00:00:23]} 31. Rb8 {[%clk 00:01:35]}
{[%emt 00:00:16]} Kg6 {[%clk 01:06:53]} {[%emt 00:00:17]} 32. h3 {[%clk
00:01:58]} {[%emt 00:00:07]} Bd4 {[%clk 01:06:22]} {[%emt 00:01:02]} 33. b3
{[%clk 00:00:33]} {[%emt 00:01:55]} Be5 {[%clk 01:06:21]} {[%emt 00:00:30]} 34.
Ra8 {[%clk 00:00:50]} {[%emt 00:00:14]} Rxd3 {[%clk 01:06:38]} {[%emt
00:00:13]} 35. g3 {[%clk 00:00:34]} {[%emt 00:00:45]} a6 {[%clk 01:06:40]}
{[%emt 00:00:28]} 0-1

[Event "DEM U10 2024"]
[Site "Willingen GER"]
[Date "2024.05.24"]
[Round "10"]
[White "Jüngling, Leonard"]
[Black "Romberg, Moritz"]
[Result "1-0"]
[Termination "normal"]
[Board "26"]
[WhiteElo "1446"]
[BlackElo "1054"]
[WhiteClock "01:02:09"]
[BlackClock "00:47:07"]
[PlyCount "101"]
[WhiteFideId "34669116"]
[BlackFideId "34676600"]
[EventCountry "GER"]
[EventRounds "11"]
[EventType "swiss"]
[EventDate "2024.05.18"]

1. e4 {[%clk 01:15:58]} {[%emt 00:00:02]} e5 {[%clk 01:15:52]} {[%emt
00:00:09]} 2. f4 {[%clk 01:16:25]} {[%emt 00:00:03]} d6 {[%clk 01:16:13]}
{[%emt 00:00:10]} 3. Nf3 {[%clk 01:16:51]} {[%emt 00:00:03]} Nc6 {[%clk
01:16:36]} {[%emt 00:00:07]} 4. Nc3 {[%clk 01:16:59]} {[%emt 00:00:22]} a6
{[%clk 01:16:57]} {[%emt 00:00:09]} 5. a4 {[%clk 01:17:23]} {[%emt 00:00:05]}
Bg4 {[%clk 01:16:42]} {[%emt 00:00:45]} 6. Bc4 {[%clk 01:16:39]} {[%emt
00:01:15]} Nd4 {[%clk 01:15:56]} {[%emt 00:01:16]} 7. d3 {[%clk 01:07:17]}
{[%emt 00:09:52]} Nxf3+ {[%clk 01:15:13]} {[%emt 00:01:12]} 8. gxf3 {[%clk
01:07:29]} {[%emt 00:00:18]} Qh4+ {[%clk 01:15:16]} {[%emt 00:00:27]} 9. Ke2
{[%clk 01:06:25]} {[%emt 00:01:34]} Bh5 {[%clk 01:14:39]} {[%emt 00:01:05]} 10.
Nd5 {[%clk 01:05:12]} {[%emt 00:01:46]} O-O-O {[%clk 01:14:17]} {[%emt
00:00:52]} 11. fxe5 {[%clk 01:02:37]} {[%emt 00:03:04]} dxe5 {[%clk 01:11:28]}
{[%emt 00:03:18]} 12. Qg1 {[%clk 01:01:32]} {[%emt 00:01:36]} Nf6 {[%clk
01:10:27]} {[%emt 00:01:29]} 13. Bg5 {[%clk 01:00:52]} {[%emt 00:01:13]} Qh3
{[%clk 01:06:01]} {[%emt 00:04:55]} 14. Qg3 {[%clk 01:01:00]} {[%emt 00:00:23]}
Qxg3 {[%clk 01:05:01]} {[%emt 00:01:30]} 15. hxg3 {[%clk 01:01:24]} {[%emt
00:00:06]} Bg6 {[%clk 01:04:06]} {[%emt 00:01:25]} 16. Nxf6 {[%clk 01:01:43]}
{[%emt 00:00:10]} Be7 {[%clk 01:04:16]} {[%emt 00:00:19]} 17. Nxh7 {[%clk
01:01:25]} {[%emt 00:00:50]} f6 {[%clk 01:04:13]} {[%emt 00:00:33]} 18. Nxf6
{[%clk 01:00:58]} {[%emt 00:00:57]} gxf6 {[%clk 01:04:19]} {[%emt 00:00:23]}
19. Be6+ {[%emt 00:01:09]} Kb8 {[%clk 01:03:57]} {[%emt 00:00:50]} 20. Be3
{[%clk 01:00:25]} {[%emt 00:00:26]} Rh7 {[%clk 01:01:35]} {[%emt 00:02:51]} 21.
Rxh7 {[%clk 01:00:30]} {[%emt 00:00:26]} Bxh7 {[%clk 01:00:45]} {[%emt
00:01:21]} 22. Rh1 {[%clk 01:00:38]} {[%emt 00:00:22]} Bg8 {[%clk 01:00:30]}
{[%emt 00:00:44]} 23. Bxg8 {[%clk 01:00:29]} {[%emt 00:00:39]} Rxg8 {[%clk
00:57:05]} {[%emt 00:03:54]} 24. g4 {[%clk 01:00:47]} {[%emt 00:00:12]} c5
{[%clk 00:56:54]} {[%emt 00:00:41]} 25. Rh7 {[%clk 00:59:43]} {[%emt 00:01:34]}
Bd6 {[%clk 00:56:51]} {[%emt 00:00:33]} 26. Rf7 {[%clk 00:59:25]} {[%emt
00:00:47]} Rf8 {[%clk 00:56:54]} {[%emt 00:00:28]} 27. Rd7 {[%clk 00:59:37]}
{[%emt 00:00:19]} Bc7 {[%clk 00:56:20]} {[%emt 00:01:02]} 28. Bxc5 {[%clk
00:59:04]} {[%emt 00:01:05]} Rh8 {[%clk 00:53:43]} {[%emt 00:03:05]} 29. Rf7
{[%clk 00:58:42]} {[%emt 00:00:53]} Bd8 {[%clk 00:51:55]} {[%emt 00:02:15]} 30.
Rf8 {[%clk 00:57:58]} {[%emt 00:01:18]} Rxf8 {[%clk 00:52:18]} {[%emt
00:00:07]} 31. Bxf8 {[%clk 00:58:21]} {[%emt 00:00:06]} Kc7 {[%clk 00:52:44]}
{[%emt 00:00:05]} 32. Kd2 {[%clk 00:57:50]} {[%emt 00:01:01]} Kc6 {[%clk
00:53:05]} {[%emt 00:00:09]} 33. Kc3 {[%clk 00:58:04]} {[%emt 00:00:16]} b5
{[%clk 00:53:09]} {[%emt 00:00:25]} 34. axb5+ {[%clk 00:58:23]} {[%emt
00:00:12]} Kxb5 {[%clk 00:53:19]} {[%emt 00:00:19]} 35. b4 {[%clk 00:58:31]}
{[%emt 00:00:22]} a5 {[%clk 00:53:36]} {[%emt 00:00:14]} 36. bxa5 {[%clk
00:58:38]} {[%emt 00:00:23]} Bxa5+ {[%clk 00:49:53]} {[%emt 00:04:12]} 37. Kb3
{[%clk 00:58:59]} {[%emt 00:00:09]} Bd8 {[%clk 00:50:02]} {[%emt 00:00:21]} 38.
c4+ {[%clk 00:59:22]} {[%emt 00:00:07]} Ka5 {[%clk 00:50:23]} {[%emt 00:00:10]}
39. Bb4+ {[%clk 00:59:36]} {[%emt 00:00:16]} Kb6 {[%clk 00:50:36]} {[%emt
00:00:17]} 40. Ka4 {[%clk 00:59:52]} {[%emt 00:00:14]} Kc6 {[%clk 00:50:56]}
{[%emt 00:00:08]} 41. Bc3 {[%clk 00:59:45]} {[%emt 00:00:38]} Bb6 {[%clk
00:45:29]} {[%emt 00:05:56]} 42. Ba5 {[%clk 00:59:11]} {[%emt 00:01:06]} Bxa5
{[%clk 00:45:39]} {[%emt 00:00:21]} 43. Kxa5 {[%clk 00:59:31]} {[%emt
00:00:09]} Kc5 {[%clk 00:45:54]} {[%emt 00:00:14]} 44. Ka4 {[%clk 00:59:55]}
{[%emt 00:00:07]} Kc6 {[%clk 00:45:53]} {[%emt 00:00:29]} 45. Kb4 {[%clk
01:00:21]} {[%emt 00:00:05]} Kb6 {[%clk 00:46:04]} {[%emt 00:00:20]} 46. c5+
{[%clk 01:00:25]} {[%emt 00:00:26]} Kc6 {[%clk 00:46:20]} {[%emt 00:00:14]} 47.
Kc4 {[%clk 01:00:46]} {[%emt 00:00:09]} Kd7 {[%clk 00:46:35]} {[%emt 00:00:15]}
48. Kd5 {[%clk 01:01:08]} {[%emt 00:00:07]} Kc7 {[%clk 00:46:17]} {[%emt
00:00:48]} 49. Ke6 {[%clk 01:01:26]} {[%emt 00:00:13]} Kc6 {[%clk 00:46:42]}
{[%emt 00:00:05]} 50. Kxf6 {[%clk 01:01:49]} {[%emt 00:00:05]} Kxc5 {[%clk
00:47:07]} {[%emt 00:00:06]} 51. Kxe5 {[%clk 01:02:09]} {[%emt 00:00:10]} 1-0